000 00827nam2a22002531 4500
001 RU\NLR\INFOCOMM7\1000072497
005 20250617001346.0
035 _a(NLR Aleph) 002305231
090 _a4264108
_c4264108
100 _a20041004d1852 |||y0rusy50 ca
101 0 _arus
102 _aRU
105 _ay |||||||||
200 1 _aБеда от сердца и горе от ума
_fФ.А. Кони
210 _d1852
_aБ. м.
461 0 _1001RU\NLR\INFOCOMM7\1000072463
_12001#$aРепертуар русской сцены$v1852, №1
_94263797
_c[СПб.
_d1848-1856]
_tРепертуар русской сцены
_v1852, №1
700 1 _aКони
_bФ.А.
_4070
801 1 _aRU
_bInfoComm
_c20041004
801 0 _aRU
_bNLR
_gPSBO
852 _aNLR
_j1/324
942 _cISSUE
980 _aNB
980 _aRUSPER